Loading...
| Mythology | 2 | 3 | 1 | 0 | 55 | 51 | 80.60 | 3 | 3 |
| History - American History | 0 | 4 | 0 | 0 | 40 | 72 | 110.25 | 1 | 3 |
| History - World History | 0 | 4 | 0 | 4 | 40 | 114 | 119.25 | 0 | 1 |
| Science - Chemistry | 0 | 4 | 0 | 0 | 40 | 83 | 96.50 | 2 | 3 |
| Social Science | 1 | 2 | 1 | 0 | 30 | 24 | 73.67 | 1 | 2 |
| History - Other History | 0 | 3 | 1 | 0 | 25 | 73 | 76.67 | 1 | 3 |
| Science - Biology | 0 | 3 | 1 | 1 | 25 | 105 | 115.67 | 1 | 3 |
| History - European History | 0 | 4 | 3 | 0 | 25 | 80 | 86.75 | 1 | 3 |
| Other Academic | 1 | 0 | 0 | 0 | 15 | 62 | 62.00 | 1 | 1 |
| Religion | 0 | 2 | 1 | 0 | 15 | 89 | 109.00 | 0 | 2 |
| Literature - World Literature | 0 | 1 | 0 | 0 | 10 | 125 | 125.00 | 0 | 0 |
| Literature - American Literature | 0 | 1 | 0 | 0 | 10 | 120 | 120.00 | 0 | 0 |
| Philosophy | 0 | 2 | 2 | 1 | 10 | 127 | 136.50 | 0 | 1 |
| Science - Other Science | 0 | 1 | 0 | 1 | 10 | 117 | 117.00 | 0 | 1 |
| Literature - European Literature | 0 | 1 | 1 | 1 | 5 | 133 | 133.00 | 0 | 0 |
| Geography | 0 | 1 | 1 | 0 | 5 | 85 | 85.00 | 1 | 1 |
| Literature - British Literature | 0 | 0 | 1 | 0 | -5 | 0.00 | 0 | 0 | |
| Fine Arts - Other Fine Arts | 0 | 0 | 1 | 0 | -5 | 0.00 | 0 | 0 |